000 00965nam a2200241Ia 4500
003 OSt
005 20250415153113.0
008 191128s2018 ck er 000 f spa d
020 _a9789585477360
040 _aCO-JMCR
_cCO-JMCR
041 _aspa
082 0 4 _aA-N
_bKATj
100 1 _akatzenbach, John,
_eautor
_97378
245 1 0 _aJaque al psicoanalista /
_cJohn Katzenbach ; traducción de Luara Paredes
250 _aPrimera edición
260 _aBogotá :
_bPenguin Ramdom House,
_c2018
300 _a434 páginas ;
_c23 cm.
500 _aIncluye datos biográficos del autor en solapa fronal.
520 _aHan pasado cinco años desde que el doctor Starks acabó con la pesadilla que casi le cuesta su vida y que arrasó con todo lo que había sido hasta entonces, descubríendole las facetas más oscuras del alma humana, también la suya
650 1 4 _aNovela estadounidense
_97379
700 _aParedes, Laura,
_etraductor
_97380
942 _2ddc
_cBK
999 _c4592
_d4592